[Event "Serbia ch 2011"]
[Site "Kragujevac SRB"]
[Date "2011.03.08"]
[Round "8.2"]
[White "Sedlak, Nikola"]
[Black "Milanovic, Danilo"]
[Result "1-0"]
[WhiteElo "2556"]
[BlackElo "2517"]
[PlyCount "103"]
[EventDate "2011.02.28"]
[EventType "tourn"]
[EventRounds "13"]
[EventCountry "SER"]
[EventCategory "10"]
[Source "lmi"]
[SourceDate "2011.02.28"]

1. d4 Nf6 2. c4 c5 3. d5 b5 4. cxb5 a6 5. bxa6 g6 6. Nc3 Bxa6 7. e4 Bxf1 8.
Kxf1 d6 9. Nf3 Nbd7 10. h3 Bg7 11. Kg1 O-O 12. Kh2 Qc7 13. Re1 Rfb8 14. Re2 Rb4
15. Kg1 Qb8 16. Qe1 Ne8 17. Rc2 Ne5 18. Nxe5 Bxe5 19. Qe2 Nf6 20. Bg5 Bxc3 21.
bxc3 Rxe4 22. Qf3 Re5 23. Bf4 Re4 24. c4 Ra4 25. Rac1 Kg7 26. g4 h6 27. Bd2 Kh7
28. Qd3 Qa7 29. f3 Rd4 30. Qe3 Ng8 31. Qe2 Rxa2 32. Be3 Ra3 33. Bxd4 cxd4 34.
Qf2 Qc5 35. Re2 Rd3 36. Kg2 Kg7 37. h4 Nf6 38. Rcc2 Ng8 39. g5 Ra3 40. Re4 Rd3
41. Rd2 Qxc4 42. Rxd3 Qxd3 43. Qxd4+ Qxd4 44. Rxd4 f6 45. f4 Kf7 46. Re4 e5 47.
dxe6+ Ke7 48. Kf3 h5 49. f5 gxf5 50. Re1 fxg5 51. hxg5 Kf8 52. Kg3 1-0

[Event "Serbia ch 2011"]
[Site "Kragujevac SRB"]
[Date "2011.03.08"]
[Round "8.4"]
[White "Perunovic, Milos"]
[Black "Nestorovic, Lazar"]
[Result "1-0"]
[WhiteElo "2565"]
[BlackElo "2323"]
[PlyCount "79"]
[EventDate "2011.02.28"]
[EventType "tourn"]
[EventRounds "13"]
[EventCountry "SER"]
[EventCategory "10"]
[Source "lmi"]
[SourceDate "2011.02.28"]

1. e4 c5 2. Nf3 e6 3. d4 cxd4 4. Nxd4 d6 5. Nc3 a6 6. Be3 b5 7. g4 Bb7 8. Bg2
Nf6 9. g5 Nfd7 10. f4 Be7 11. Qh5 g6 12. Qh6 Bf8 13. Qh3 b4 14. Nce2 e5 15.
O-O-O Bg7 16. Nb3 exf4 17. Bxf4 Ne5 18. Ned4 O-O 19. Nf5 gxf5 20. exf5 Bxg2 21.
Qxg2 Nbc6 22. f6 Bh8 23. Bxe5 Nxe5 24. Nd4 Qd7 25. Rhf1 Rfe8 26. Nf5 Qe6 27.
Qe4 Ng6 28. Qxb4 h6 29. Nxh6+ Kh7 30. Kb1 Rab8 31. Qa3 Rec8 32. Nf5 Qe4 33. Rc1
Qg2 34. Rg1 Qf2 35. Qh3+ Kg8 36. Nh6+ Kf8 37. Qd7 Rxb2+ 38. Kxb2 Qd4+ 39. c3
Rb8+ 40. Ka1 1-0

[Event "Serbia ch 2011"]
[Site "Kragujevac SRB"]
[Date "2011.03.08"]
[Round "8.5"]
[White "Lukovic, Vladimir"]
[Black "Abramovic, Bosko"]
[Result "0-1"]
[WhiteElo "2234"]
[BlackElo "2460"]
[PlyCount "148"]
[EventDate "2011.02.28"]
[EventType "tourn"]
[EventRounds "13"]
[EventCountry "SER"]
[EventCategory "10"]
[Source "lmi"]
[SourceDate "2011.02.28"]

1. e4 c5 2. Nf3 e6 3. d4 cxd4 4. Nxd4 Nc6 5. Nxc6 bxc6 6. Bd3 Bc5 7. O-O Ne7 8.
e5 Qc7 9. Qe2 Ng6 10. Re1 Bd4 11. Bxg6 hxg6 12. Nd2 a5 13. Nf3 Ba6 14. Qe4 Bc5
15. Be3 Be7 16. Rad1 Bb7 17. Qg4 c5 18. Rd2 Rb8 19. b3 Bxf3 20. Qxf3 Qxe5 21.
Red1 Qxh2+ 22. Kf1 Rd8 23. Bf4 Qh5 24. Qb7 Qg4 25. g3 d5 26. Kg2 g5 27. Bc7
Qh3+ 28. Kf3 Qf5+ 29. Kg2 g4 30. Rg1 Qe4+ 31. Kf1 O-O 32. Bxd8 Bxd8 33. Qb5 Bg5
34. Re2 Qb4 35. Qd3 Bf6 36. Rh1 Rd8 37. Kg2 Qb7 38. f3 Qb4 39. fxg4 Qxg4 40.
Rf2 e5 41. Qf3 Qxf3+ 42. Kxf3 Bg5 43. Rfh2 Bh6 44. g4 f6 45. Ke2 Kf7 46. Rd1 e4
47. Rf2 Ke6 48. Rf5 g6 49. Rf2 Bg5 50. Rh2 a4 51. Rh7 axb3 52. axb3 Ra8 53. Rb1
d4 54. Rg7 Rh8 55. Rf1 Rh2+ 56. Rf2 d3+ 57. cxd3 exd3+ 58. Kf3 d2 59. Rf1 Rh3+
60. Ke2 Rxb3 61. Rxg6 Rg3 62. Kd1 c4 63. Kc2 Ke5 64. Rg8 Rxg4 65. Re8+ Kd6 66.
Rd8+ Ke7 67. Rd5 Kf7 68. Ra1 Kg6 69. Rf1 Re4 70. Rf3 Re1 71. Rxd2 Bxd2 72. Kxd2
Re4 73. Rg3+ Kh5 74. Rg8 f5 0-1

[Event "Serbia ch 2011"]
[Site "Kragujevac SRB"]
[Date "2011.03.08"]
[Round "8.6"]
[White "Ivanisevic, Ivan"]
[Black "Saric, Sinisa"]
[Result "1-0"]
[WhiteElo "2630"]
[BlackElo "2448"]
[PlyCount "177"]
[EventDate "2011.02.28"]
[EventType "tourn"]
[EventRounds "13"]
[EventCountry "SER"]
[EventCategory "10"]
[Source "lmi"]
[SourceDate "2011.02.28"]

1. d4 Nf6 2. c4 g6 3. Nc3 Bg7 4. e4 d6 5. Nf3 O-O 6. Be2 Na6 7. O-O e5 8. Be3
Ng4 9. Bg5 Qe8 10. h3 h6 11. Bh4 Nf6 12. Bxf6 Bxf6 13. c5 exd4 14. Nd5 Bg7 15.
cxd6 cxd6 16. Bxa6 bxa6 17. Nc7 Qxe4 18. Re1 Qb7 19. Nxa8 Qxa8 20. Rc1 Qd5 21.
b3 d3 22. Re3 Bf5 23. Rc4 g5 24. h4 g4 25. Nh2 h5 26. Nf1 Bg6 27. Re1 Bf6 28.
g3 Qb7 29. Qc1 d5 30. Rc6 Bd4 31. Rd6 Kh7 32. Qg5 Qb4 33. Rxg6 fxg6 34. Re7+
Bg7 35. Qe5 Rg8 36. Rxa7 Qe4 37. Qd6 d4 38. Rf7 a5 39. Re7 Qf5 40. Qxd4 Kh8 41.
Qd7 Rf8 42. Qxf5 Rxf5 43. Rd7 Rc5 44. Rxd3 Bh6 45. Kg2 Rc2 46. a4 Rb2 47. Ne3
Bxe3 48. Rxe3 Kg7 49. Re5 Rxb3 50. Rxa5 Ra3 51. Ra7+ Kf6 52. Ra8 Kf7 53. Kf1
Ra2 54. a5 Kf6 55. Ke1 Kg7 56. a6 Kf7 57. Kd1 Kg7 58. Kc1 Rxf2 59. Kb1 Rf5 60.
Rc8 Ra5 61. Rc7+ Kh6 62. Rc6 Kg7 63. Rc7+ Kh6 64. a7 g5 65. hxg5+ Kxg5 66. Rc5+
Rxc5 67. a8=Q Rf5 68. Kc2 Rf3 69. Qd8+ Kf5 70. Qd5+ Kg6 71. Kd2 Kh6 72. Ke2 Kg6
73. Qe4+ Kg5 74. Qh7 Rf6 75. Ke3 Re6+ 76. Kd4 Re1 77. Qg8+ Kf6 78. Qd8+ Kg6 79.
Qb6+ Kg7 80. Qa5 Rd1+ 81. Ke4 Kg6 82. Qf5+ Kh6 83. Ke5 Ra1 84. Qe6+ Kg7 85.
Qd7+ Kg6 86. Qd3+ Kg5 87. Ke6 h4 88. Qf5+ Kh6 89. Qf6+ 1-0

[Event "Serbia ch 2011"]
[Site "Kragujevac SRB"]
[Date "2011.03.08"]
[Round "8.7"]
[White "Bogosavljevic, Boban"]
[Black "Pikula, Dejan"]
[Result "1/2-1/2"]
[WhiteElo "2561"]
[BlackElo "2537"]
[PlyCount "45"]
[EventDate "2011.02.28"]
[EventType "tourn"]
[EventRounds "13"]
[EventCountry "SER"]
[EventCategory "10"]
[Source "lmi"]
[SourceDate "2011.02.28"]

1. d4 d5 2. c4 c6 3. Nf3 Nf6 4. Qc2 g6 5. Bf4 Bg7 6. e3 Bf5 7. Qb3 Qb6 8. Nc3
Nbd7 9. h3 O-O 10. c5 Qxb3 11. axb3 h6 12. b4 a6 13. Rg1 g5 14. Bh2 Rfe8 15. g4
Bh7 16. Be2 Ne4 17. h4 e5 18. dxe5 Nxe5 19. Nxe5 Bxe5 20. Bxe5 Rxe5 21. hxg5
hxg5 22. Rh1 Rae8 23. Bf3 1/2-1/2

[Event "Serbia ch 2011"]
[Site "Kragujevac SRB"]
[Date "2011.03.09"]
[Round "9.1"]
[White "Pikula, Dejan"]
[Black "Drazic, Sinisa"]
[Result "0-1"]
[WhiteElo "2537"]
[BlackElo "2487"]
[PlyCount "86"]
[EventDate "2011.02.28"]
[EventType "tourn"]
[EventRounds "13"]
[EventCountry "SER"]
[EventCategory "10"]
[Source "lmi"]
[SourceDate "2011.02.28"]

1. e4 e6 2. d4 d5 3. Nc3 Nf6 4. Bg5 dxe4 5. Nxe4 Be7 6. Bxf6 Bxf6 7. Nf3 Nd7 8.
Qd2 O-O 9. O-O-O b6 10. h4 Bb7 11. Qf4 c5 12. Bb5 Bxe4 13. Qxe4 cxd4 14. Nxd4
Nc5 15. Qe3 Qc7 16. Kb1 a6 17. Be2 Rad8 18. h5 h6 19. f4 b5 20. c3 b4 21. cxb4
Na4 22. a3 a5 23. Nb5 Qc6 24. Rxd8 Rxd8 25. b3 axb4 26. bxa4 bxa3 27. Rc1 Qxg2
28. Nxa3 Qa8 29. Bb5 Rd4 30. Rc4 Qh1+ 31. Ka2 Qg2+ 32. Rc2 Qd5+ 33. Bc4 Qxh5
34. Rd2 Qc5 35. Rxd4 Bxd4 36. Qd3 Bf6 37. Nc2 h5 38. Bb3 h4 39. Bc4 h3 40. Qe4
h2 41. Qa8+ Kh7 42. Bd3+ g6 43. Be4 h1=Q 0-1

[Event "Serbia ch 2011"]
[Site "Kragujevac SRB"]
[Date "2011.03.09"]
[Round "9.2"]
[White "Saric, Sinisa"]
[Black "Bogosavljevic, Boban"]
[Result "1-0"]
[WhiteElo "2448"]
[BlackElo "2561"]
[PlyCount "145"]
[EventDate "2011.02.28"]
[EventType "tourn"]
[EventRounds "13"]
[EventCountry "SER"]
[EventCategory "10"]
[Source "lmi"]
[SourceDate "2011.02.28"]

1. d4 Nf6 2. c4 e6 3. Nc3 Bb4 4. Qc2 d5 5. cxd5 Qxd5 6. e3 O-O 7. a3 Bxc3+ 8.
bxc3 c5 9. Nf3 b6 10. c4 Qc6 11. Bb2 Bb7 12. Bd3 Nbd7 13. O-O Rac8 14. Rac1
Rfd8 15. Rfd1 cxd4 16. exd4 h6 17. h3 Qc7 18. Qe2 Qf4 19. Qe3 Nh5 20. Be2 Ng3
21. Bd3 Qxe3 22. fxe3 Be4 23. Kf2 Bxd3 24. Rxd3 Ne4+ 25. Ke2 Ng3+ 26. Kf2 Ne4+
27. Ke2 Rc7 28. Nd2 Ndf6 29. Kf3 Nc5 30. Rdc3 Na4 31. Rb3 e5 32. Ba1 exd4 33.
exd4 Nh7 34. Ke2 Re7+ 35. Re3 Rxe3+ 36. Kxe3 Nf6 37. Rb1 Re8+ 38. Kd3 a5 39.
Nf3 Nh5 40. Re1 Rc8 41. Kc2 Nf4 42. g3 Nxh3 43. Kb3 b5 44. cxb5 Nb6 45. a4 Nf2
46. Bc3 Nd3 47. Rd1 Nf2 48. Rg1 Ra8 49. Re1 g5 50. Ne5 Nd5 51. Re2 Nh1 52. Be1
f5 53. Rh2 Nxg3 54. Bxg3 f4 55. Rxh6 fxg3 56. Rg6+ Kh7 57. Rxg5 Rg8 58. Rxg8
Kxg8 59. Kc4 g2 60. Nf3 Nb6+ 61. Kc5 Nxa4+ 62. Kc6 Kf7 63. d5 Ke7 64. d6+ Kd8
65. d7 Nc5 66. Kxc5 Kxd7 67. Kc4 Kd6 68. Kb3 Kd5 69. Ng1 Kd4 70. b6 Ke3 71. b7
Kf2 72. b8=Q Kxg1 73. Qg3 1-0

[Event "Serbia ch 2011"]
[Site "Kragujevac SRB"]
[Date "2011.03.09"]
[Round "9.3"]
[White "Abramovic, Bosko"]
[Black "Ivanisevic, Ivan"]
[Result "1/2-1/2"]
[WhiteElo "2460"]
[BlackElo "2630"]
[PlyCount "64"]
[EventDate "2011.02.28"]
[EventType "tourn"]
[EventRounds "13"]
[EventCountry "SER"]
[EventCategory "10"]
[Source "lmi"]
[SourceDate "2011.02.28"]

1. d4 Nf6 2. Nf3 g6 3. g3 Bg7 4. Bg2 O-O 5. O-O c5 6. c4 Nc6 7. Nc3 d6 8. dxc5
dxc5 9. Be3 Qa5 10. Qb3 Ng4 11. Bf4 e5 12. Bd2 Nd4 13. Nxd4 cxd4 14. Qb5 Qd8
15. Nd5 f5 16. Ba5 Bd7 17. Qxb7 Qxa5 18. Qxd7 e4 19. b4 Qa3 20. Bxe4 Kh8 21.
Bd3 Ne5 22. Qb5 Rfc8 23. Rac1 Nc6 24. c5 Qxa2 25. Qc4 Qxc4 26. Bxc4 Rab8 27.
Rb1 Bf8 28. Rfd1 a5 29. Nb6 Rd8 30. bxa5 Nxa5 31. Bd3 Bxc5 32. Nc4 Nxc4 1/2-1/2

[Event "Serbia ch 2011"]
[Site "Kragujevac SRB"]
[Date "2011.03.09"]
[Round "9.4"]
[White "Nestorovic, Lazar"]
[Black "Lukovic, Vladimir"]
[Result "1-0"]
[WhiteElo "2323"]
[BlackElo "2234"]
[PlyCount "141"]
[EventDate "2011.02.28"]
[EventType "tourn"]
[EventRounds "13"]
[EventCountry "SER"]
[EventCategory "10"]
[Source "lmi"]
[SourceDate "2011.02.28"]

1. e4 e5 2. Nf3 Nc6 3. Bb5 a6 4. Ba4 Nf6 5. d3 b5 6. Bb3 Be7 7. O-O O-O 8. Re1
d6 9. c3 Na5 10. Bc2 c5 11. Nbd2 Nc6 12. Nf1 h6 13. h3 Re8 14. Ne3 Be6 15. Bb3
Bf8 16. a4 Qd7 17. Nh4 d5 18. exd5 Nxd5 19. Ng4 Bxg4 20. hxg4 Nf4 21. axb5 axb5
22. Rxa8 Rxa8 23. Bxf4 exf4 24. Qf3 Re8 25. Rxe8 Qxe8 26. Ng6 Bd6 27. Kf1 Qd7
28. Qd5 Qe6 29. Qxe6 fxe6 30. Bxe6+ Kh7 31. Bf5 Kg8 32. Be6+ Kh7 33. Nh4 b4 34.
Nf3 bxc3 35. bxc3 Ne5 36. Ne1 Kg6 37. f3 Kf6 38. Bd5 Bc7 39. d4 cxd4 40. cxd4
Ng6 41. Be4 Nf8 42. Ke2 Nd7 43. Kd3 Nb6 44. Bc6 g5 45. Nc2 Bd6 46. Na1 Bb4 47.
Nb3 Ke6 48. Bb5 Kd5 49. Nc1 Nc8 50. Na2 Ba5 51. Bc4+ Kc6 52. Nc3 Bxc3 53. Kxc3
Ne7 54. Bf7 Nc8 55. Bb3 Ne7 56. Bf7 Nc8 57. Kb4 Nb6 58. Kc3 Nc8 59. Kd3 Nd6 60.
Bb3 Kb5 61. Bg8 Ne8 62. Bf7 Nf6 63. Be6 Kb4 64. Bc4 h5 65. gxh5 Nxh5 66. Bd5
Nf6 67. Bc6 Ka5 68. d5 g4 69. Kd4 gxf3 70. gxf3 Nh5 71. Kc5 1-0

[Event "Serbia ch 2011"]
[Site "Kragujevac SRB"]
[Date "2011.03.09"]
[Round "9.5"]
[White "Damljanovic, Branko"]
[Black "Perunovic, Milos"]
[Result "0-1"]
[WhiteElo "2555"]
[BlackElo "2565"]
[PlyCount "80"]
[EventDate "2011.02.28"]
[EventType "tourn"]
[EventRounds "13"]
[EventCountry "SER"]
[EventCategory "10"]
[Source "lmi"]
[SourceDate "2011.02.28"]

1. c4 e6 2. Nc3 d5 3. d4 c6 4. e3 Nf6 5. Bd2 Nbd7 6. g4 Bb4 7. cxd5 exd5 8. Bd3
Nb6 9. f3 Nc4 10. Bxc4 dxc4 11. Nge2 O-O 12. e4 b5 13. O-O Be7 14. Be3 b4 15.
Na4 Ba6 16. Ng3 Re8 17. Nf5 Nd7 18. Rf2 Bf8 19. Nc5 Bb5 20. Qe1 a5 21. a3 bxa3
22. bxa3 a4 23. Rd1 Qc7 24. Nxd7 Qxd7 25. Qc3 Rab8 26. Bf4 Rbd8 27. Rfd2 f6 28.
Kg2 Qf7 29. Kh1 Ba6 30. Rb1 h5 31. h3 Rd7 32. Rg2 Kh7 33. Rb6 Bb5 34. Ng3 Red8
35. Be3 Bc5 36. dxc5 Rd3 37. Qc2 Rxe3 38. gxh5 Rxf3 39. Kh2 c3 40. e5+ f5 0-1

[Event "Serbia ch 2011"]
[Site "Kragujevac SRB"]
[Date "2011.03.09"]
[Round "9.6"]
[White "Milanovic, Danilo"]
[Black "Miladinovic, Igor"]
[Result "1-0"]
[WhiteElo "2517"]
[BlackElo "2556"]
[PlyCount "181"]
[EventDate "2011.02.28"]
[EventType "tourn"]
[EventRounds "13"]
[EventCountry "SER"]
[EventCategory "10"]
[Source "lmi"]
[SourceDate "2011.02.28"]

1. d4 d5 2. c4 e6 3. Nc3 a6 4. cxd5 exd5 5. Nf3 c6 6. Qc2 Nf6 7. Bg5 Be7 8. e3
Be6 9. Bd3 Nbd7 10. h3 c5 11. O-O Rc8 12. Rad1 b5 13. Qb1 c4 14. Bc2 h6 15. Bh4
b4 16. Ne2 O-O 17. Ne5 Nh5 18. Bxe7 Qxe7 19. f4 f5 20. Ng6 Qd6 21. Nxf8 Rxf8
22. Rf2 Qe7 23. Kh2 Ndf6 24. g3 g6 25. Ng1 Bd7 26. Re1 Ne4 27. Bxe4 fxe4 28.
Rg2 Ng7 29. g4 Bb5 30. Qc2 g5 31. Ne2 Qd6 32. Kg1 b3 33. Qc3 bxa2 34. Ra1 gxf4
35. Nxf4 Ne6 36. Nxe6 Qxe6 37. Rxa2 Rf3 38. Ra1 Qf6 39. Qe1 c3 40. bxc3 Rf1+
41. Qxf1 Bxf1 42. Rxf1 Qg5 43. Re2 a5 44. Kg2 a4 45. Rf5 Qd8 46. Ra2 Qa5 47.
Ra3 Qb5 48. Kg3 Kg7 49. Re5 Qe2 50. Rxa4 Qxe3+ 51. Kh4 Qf2+ 52. Kh5 Qf7+ 53.
Kh4 Qf6+ 54. Kh5 Qg6+ 55. Kh4 Qc6 56. Ra7+ Kg6 57. Rf5 e3 58. Re7 Qxc3 59. Re6+
Kg7 60. Re7+ Kg6 61. Re6+ Kg7 62. Rxd5 Qd2 63. Rd7+ Kf8 64. Rde7 Qxd4 65. Re8+
Kf7 66. R6e7+ Kg6 67. Re6+ Kf7 68. Rxe3 Qf6+ 69. Kg3 Qd6+ 70. Kg2 Qd5+ 71. R8e4
h5 72. Kg3 hxg4 73. hxg4 Qd2 74. Rf4+ Kg6 75. Re6+ Kg7 76. Rf5 Qd1 77. Re7+ Kg6
78. Re6+ Kg7 79. Kh4 Qh1+ 80. Kg5 Qc1+ 81. Rf4 Qc5+ 82. Kh4 Qc1 83. Rfe4 Qh1+
84. Kg5 Qc1+ 85. Re3 Qc5+ 86. R6e5 Qc1 87. Re7+ Kf8 88. Kg6 Qc2+ 89. R3e4 Qc6+
90. R7e6 Qd7 91. Re8+ 1-0

[Event "Serbia ch 2011"]
[Site "Kragujevac SRB"]
[Date "2011.03.09"]
[Round "9.7"]
[White "Tadic, Branko"]
[Black "Sedlak, Nikola"]
[Result "0-1"]
[WhiteElo "2518"]
[BlackElo "2556"]
[PlyCount "62"]
[EventDate "2011.02.28"]
[EventType "tourn"]
[EventRounds "13"]
[EventCountry "SER"]
[EventCategory "10"]
[Source "lmi"]
[SourceDate "2011.02.28"]

1. Nf3 Nf6 2. c4 g6 3. g3 Bg7 4. Bg2 O-O 5. O-O d5 6. cxd5 Nxd5 7. d4 Nb6 8.
Ne5 N8d7 9. Nxd7 Qxd7 10. d5 e6 11. e4 c6 12. dxe6 Qxe6 13. Nc3 Qe7 14. Qc2 Be6
15. b3 Qc5 16. Bb2 a5 17. Qe2 Bxc3 18. Rac1 Bc4 19. bxc4 Bxb2 20. Qxb2 Rfd8 21.
Rfd1 Qb4 22. Qf6 Nd7 23. Qh4 Qf8 24. Rb1 Ne5 25. Qf6 Nxc4 26. Rxd8 Qxd8 27.
Qxd8+ Rxd8 28. Rxb7 Rd1+ 29. Bf1 Nd2 30. Rd7 Rxf1+ 31. Kg2 Rd1 0-1

[Event "Serbia ch 2011"]
[Site "Kragujevac SRB"]
[Date "2011.03.10"]
[Round "10.4"]
[White "Lukovic, Vladimir"]
[Black "Damljanovic, Branko"]
[Result "0-1"]
[WhiteElo "2234"]
[BlackElo "2555"]
[PlyCount "130"]
[EventDate "2011.02.28"]
[EventType "tourn"]
[EventRounds "13"]
[EventCountry "SER"]
[EventCategory "10"]
[Source "lmi"]
[SourceDate "2011.02.28"]

1. e4 c5 2. Nf3 e6 3. d4 cxd4 4. Nxd4 a6 5. Bd3 Bc5 6. Nb3 Be7 7. O-O d6 8. f4
Nd7 9. c4 b6 10. Nc3 Bb7 11. Qe2 Qc7 12. Bd2 Bf6 13. Kh1 Ne7 14. Rae1 h5 15. a4
Nc6 16. a5 Nxa5 17. Nxa5 bxa5 18. Ra1 h4 19. h3 Bd4 20. Nd1 Nf6 21. Kh2 Bb6 22.
Qe1 Qc6 23. Nc3 Kf8 24. Be3 Bd8 25. Rf2 Kg8 26. b3 Qc7 27. Bd2 Bc6 28. Nd1 Qb7
29. Nc3 Bb6 30. Re2 Nd7 31. Bc2 Nc5 32. Nd1 Rh5 33. Ra3 Rb8 34. Bc3 e5 35. f5
Nd7 36. Bxa5 Bxa5 37. Qxa5 Nc5 38. Qe1 Qb4 39. Qxb4 Rxb4 40. Nc3 Kf8 41. Na2
Rb6 42. b4 Nd7 43. Kg1 Rg5 44. Kf2 g6 45. fxg6 Rxg6 46. Ree3 Nf6 47. Bd3 Nh5
48. Be2 Ng3 49. Bf3 Rf6 50. Ke1 Rf4 51. c5 dxc5 52. bxc5 Rb1+ 53. Kd2 Nxe4+ 54.
Kc2 Rb5 55. Rxa6 Rxc5+ 56. Kb2 Nd2 57. Be2 Bxg2 58. Rd6 Ne4 59. Rd8+ Ke7 60.
Rg8 Ng3 61. Nc1 Rb4+ 62. Nb3 Nxe2 63. Ka3 Rxb3+ 64. Kxb3 Nd4+ 65. Kb4 Rb5+ 0-1

[Event "Serbia ch 2011"]
[Site "Kragujevac SRB"]
[Date "2011.03.10"]
[Round "10.5"]
[White "Ivanisevic, Ivan"]
[Black "Nestorovic, Lazar"]
[Result "1-0"]
[WhiteElo "2630"]
[BlackElo "2323"]
[PlyCount "77"]
[EventDate "2011.02.28"]
[EventType "tourn"]
[EventRounds "13"]
[EventCountry "SER"]
[EventCategory "10"]
[Source "lmi"]
[SourceDate "2011.02.28"]

1. d4 Nf6 2. c4 g6 3. f3 Bg7 4. e4 d6 5. Ne2 O-O 6. Be3 Nc6 7. Qd2 a6 8. Na3
Rb8 9. g3 Bd7 10. Bg2 b5 11. Rc1 bxc4 12. Nxc4 d5 13. Ne5 Na7 14. Nxd7 Qxd7 15.
e5 Ne8 16. h4 Qb5 17. b3 Qb4 18. h5 Qxd2+ 19. Kxd2 c6 20. h6 Bh8 21. Rc5 Nc7
22. Rhc1 f6 23. f4 g5 24. Bh3 Kf7 25. Bf5 e6 26. Bxh7 g4 27. Bd3 f5 28. Ra5 Kg6
29. Bxa6 Nxa6 30. Rxa6 Rf7 31. Kd3 Kxh6 32. Bd2 Bg7 33. Ba5 Rfb7 34. Nc3 Kg6
35. Rh1 Bf8 36. Na4 Ba3 37. Bb6 Nb5 38. Bc5 Bxc5 39. Nxc5 1-0

[Event "Serbia ch 2011"]
[Site "Kragujevac SRB"]
[Date "2011.03.10"]
[Round "10.6"]
[White "Bogosavljevic, Boban"]
[Black "Abramovic, Bosko"]
[Result "1-0"]
[WhiteElo "2561"]
[BlackElo "2460"]
[PlyCount "55"]
[EventDate "2011.02.28"]
[EventType "tourn"]
[EventRounds "13"]
[EventCountry "SER"]
[EventCategory "10"]
[Source "lmi"]
[SourceDate "2011.02.28"]

1. Nf3 Nf6 2. c4 e6 3. g3 b6 4. Bg2 Bb7 5. O-O Be7 6. Nc3 O-O 7. Re1 d5 8. cxd5
exd5 9. d4 Nbd7 10. Bf4 Ne4 11. Rc1 c5 12. dxc5 Nxc3 13. Rxc3 bxc5 14. Rc1 Nb6
15. Ne5 Bd6 16. Nd3 Rc8 17. Qd2 Re8 18. Bxd6 Qxd6 19. e3 Rc7 20. Red1 Rd8 21.
Qa5 Nc4 22. Qc3 Ba6 23. b3 d4 24. exd4 cxd4 25. Qb4 Ne3 26. Qxd6 Rxd6 27. fxe3
Rxc1 28. Nxc1 1-0

[Event "Serbia ch 2011"]
[Site "Kragujevac SRB"]
[Date "2011.03.10"]
[Round "10.7"]
[White "Pikula, Dejan"]
[Black "Saric, Sinisa"]
[Result "1-0"]
[WhiteElo "2537"]
[BlackElo "2448"]
[PlyCount "49"]
[EventDate "2011.02.28"]
[EventType "tourn"]
[EventRounds "13"]
[EventCountry "SER"]
[EventCategory "10"]
[Source "lmi"]
[SourceDate "2011.02.28"]

1. e4 d5 2. exd5 Qxd5 3. Nc3 Qa5 4. d4 Nf6 5. Nf3 c6 6. Bd2 Bf5 7. Ne4 Qc7 8.
Nxf6+ gxf6 9. g3 Nd7 10. Bg2 O-O-O 11. O-O e5 12. c4 exd4 13. Nxd4 Bg6 14. Be3
Bc5 15. Qg4 h5 16. Qh4 Qb6 17. Rad1 Ne5 18. Qxf6 Ng4 19. Bh3 Kb8 20. Bxg4 hxg4
21. Nxc6+ bxc6 22. Bxc5 Qxc5 23. Rxd8+ Rxd8 24. Qxd8+ Kb7 25. Qd7+ 1-0

[Event "Serbia ch 2011"]
[Site "Kragujevac SRB"]
[Date "2011.02.11"]
[Round "11.1"]
[White "Saric, Sinisa"]
[Black "Drazic, Sinisa"]
[Result "1/2-1/2"]
[WhiteElo "2448"]
[BlackElo "2487"]
[PlyCount "202"]
[EventDate "2011.02.28"]
[EventType "tourn"]
[EventRounds "13"]
[EventCountry "SER"]
[EventCategory "10"]
[Source "lmi"]
[SourceDate "2011.02.28"]

1. d4 e6 2. c4 b6 3. e4 Bb7 4. Bd3 Nc6 5. Nf3 Nb4 6. Nc3 Nxd3+ 7. Qxd3 d6 8.
O-O Nf6 9. d5 e5 10. Ne1 Be7 11. Qe2 O-O 12. Nd3 Nd7 13. Be3 Bg5 14. Bxg5 Qxg5
15. f4 exf4 16. Rxf4 Rae8 17. Raf1 Nc5 18. Nxc5 bxc5 19. Qf3 Re7 20. Ne2 Bc8
21. Ng3 Qe5 22. b3 f6 23. Nh5 Bd7 24. g4 Be8 25. Ng3 Bg6 26. h4 h6 27. Rf2 Qa1+
28. Kg2 Re5 29. Qd3 Rfe8 30. Re2 Qc1 31. Rf1 Qa3 32. Nf5 Qa6 33. Kh2 Qc8 34.
Rg1 Qd7 35. h5 Bxf5 36. gxf5 R8e7 37. Qf3 Kf8 38. Kg3 Re8 39. Kf4 Qe7 40. Re3
a5 41. a4 Kg8 42. Rge1 c6 43. dxc6 Qc7 44. Kg4 Qxc6 45. Qe2 R8e7 46. Qd3 Kf8
47. R1e2 Ke8 48. Kf4 Kd7 49. Qd2 Qa8 50. Re1 Kc7 51. Qd3 Qe8 52. Kg4 Kc6 53.
R1e2 Rb7 54. Rd2 Rd7 55. Rd1 Qb8 56. Qe2 Qb4 57. Rd5 Kc7 58. Kf4 Rde7 59. Rd1
Kd7 60. Qd2 Qb6 61. Rde1 Qc7 62. Kg4 Re8 63. R1e2 Rb8 64. Re1 Kc6 65. Rd3 Re7
66. Qf4 Rbe8 67. Kf3 Re5 68. Red1 Rd8 69. Qd2 Rd7 70. Rd5 Re8 71. Kf4 Rb8 72.
Qd3 Rb7 73. Kg4 Qb8 74. Rb1 Rb6 75. Qf3 Kc7 76. Rd3 Re7 77. Rbd1 Qa8 78. Kf4
Qb8 79. R1d2 Rc6 80. Rd1 Qb4 81. Kg4 Qa3 82. Qf4 Qb2 83. Kf3 Rd7 84. Qd2 Qxd2
85. R1xd2 Rb6 86. Kf4 Kd8 87. Rg2 Ke8 88. Rg1 Rdb7 89. Rgg3 Re7 90. Rg1 Rd7 91.
Rgg3 Rbb7 92. Rge3 Kd8 93. Rg3 Kc7 94. Rge3 Rb8 95. Rg3 Kc6 96. Rge3 Rb4 97.
Rg3 Rb8 98. Rg4 Rbb7 99. Rdg3 Re7 100. Ke3 Red7 101. Kd2 Re7 1/2-1/2

[Event "Serbia ch 2011"]
[Site "Kragujevac SRB"]
[Date "2011.02.11"]
[Round "11.3"]
[White "Nestorovic, Lazar"]
[Black "Bogosavljevic, Boban"]
[Result "0-1"]
[WhiteElo "2323"]
[BlackElo "2561"]
[PlyCount "74"]
[EventDate "2011.02.28"]
[EventType "tourn"]
[EventRounds "13"]
[EventCountry "SER"]
[EventCategory "10"]
[Source "lmi"]
[SourceDate "2011.02.28"]

1. e4 c5 2. Nf3 Nc6 3. d4 cxd4 4. Nxd4 Nf6 5. Nc3 d6 6. Bg5 Bd7 7. Qd2 Rc8 8.
O-O-O a6 9. f3 e6 10. h4 Be7 11. Kb1 b5 12. Nxc6 Bxc6 13. Ne2 h6 14. Be3 d5 15.
e5 Nd7 16. f4 Nc5 17. h5 Ne4 18. Qe1 b4 19. Nd4 Qa5 20. Bd3 O-O 21. g4 Bb5 22.
g5 Bxd3 23. cxd3 Nc3+ 24. bxc3 bxc3 25. Ka1 Ba3 26. Bc1 Rb8 27. Rh2 Bc5 28. Nc6
Qa4 29. Qxc3 Rfc8 30. d4 Rxc6 31. Rb2 Rxb2 32. Qxb2 Qxd1 33. dxc5 Rxc5 34. Qb8+
Kh7 35. g6+ fxg6 36. hxg6+ Kxg6 37. Qe8+ Kh7 0-1

[Event "Serbia ch 2011"]
[Site "Kragujevac SRB"]
[Date "2011.02.11"]
[Round "11.4"]
[White "Damljanovic, Branko"]
[Black "Ivanisevic, Ivan"]
[Result "1/2-1/2"]
[WhiteElo "2555"]
[BlackElo "2630"]
[PlyCount "123"]
[EventDate "2011.02.28"]
[EventType "tourn"]
[EventRounds "13"]
[EventCountry "SER"]
[EventCategory "10"]
[Source "lmi"]
[SourceDate "2011.02.28"]

1. d4 Nf6 2. c4 c5 3. d5 b5 4. cxb5 a6 5. bxa6 g6 6. Nc3 Bxa6 7. g3 Bg7 8. Bg2
d6 9. Rb1 Nbd7 10. Nf3 O-O 11. O-O Qa5 12. Bd2 Bb7 13. b3 Qa6 14. e4 e6 15.
dxe6 fxe6 16. Ng5 d5 17. exd5 exd5 18. a4 h6 19. Nf3 d4 20. Nb5 Rad8 21. Rc1
Ne4 22. Ne1 Ne5 23. Bf4 Nc3 24. Qd2 Bxg2 25. Kxg2 Qc6+ 26. f3 Ng4 27. Qd3 Nd5
28. Kg1 Nxf4 29. gxf4 Ne3 30. Rf2 Rxf4 31. Ng2 Rxf3 32. Rxf3 Qxf3 33. Nxe3
Qxe3+ 34. Qxe3 dxe3 35. Kf1 Rd2 36. Rxc5 Bf6 37. Rc4 Rxh2 38. Re4 Bg5 39. a5
Rb2 40. a6 Rb1+ 41. Kg2 Rb2+ 42. Kh3 Ra2 43. a7 Kf7 44. Kg3 h5 45. Ra4 e2 46.
Re4 Bd8 47. Rxe2 Ra1 48. Rc2 Bb6 49. Rc6 Bxa7 50. Rc7+ Ke6 51. Nxa7 Rb1 52. Rc3
Kd5 53. Nb5 g5 54. Na3 Rb2 55. Nc2 Ke4 56. Re3+ Kd5 57. Rc3 Ke4 58. Kf2 h4 59.
Kg2 g4 60. b4 Rb1 61. Rc4+ Kd3 62. Rxg4 1/2-1/2